शून्यातून विश्व निर्माण करणारे डीएसके-प्रसिध्द बांधकामव्यवसायिक व उद्योगपती दीपक सखाराम कुलकर्णी यांचे चरित्र १६ पानी रंगीत छायाचित्रे (Record no. 1343644)

MARC details
000 -LEADER
fixed length control field 01553nam a2200181Ia 4500
008 - FIXED-LENGTH DATA ELEMENTS--GENERAL INFORMATION
fixed length control field 151202s9999||||xx |||||||||||||| ||und||
082 ## - DEWEY DECIMAL CLASSIFICATION NUMBER
Item number PNVM-76985
100 ## - MAIN ENTRY--PERSONAL NAME
Personal name भुर्के श्याम
245 ## - TITLE STATEMENT
Title शून्यातून विश्व निर्माण करणारे डीएसके-प्रसिध्द बांधकामव्यवसायिक व उद्योगपती दीपक सखाराम कुलकर्णी यांचे चरित्र १६ पानी रंगीत छायाचित्रे
260 ## - PUBLICATION, DISTRIBUTION, ETC. (IMPRINT)
Name of publisher, distributor, etc उत्कर्ष
260 ## - PUBLICATION, DISTRIBUTION, ETC. (IMPRINT)
Date of publication, distribution, etc 2015
300 ## - PHYSICAL DESCRIPTION
Extent 144
600 ## - SUBJECT ADDED ENTRY--PERSONAL NAME
Personal name भुर्के श्याम
630 ## - SUBJECT ADDED ENTRY--UNIFORM TITLE
Uniform title शून्यातून विश्व निर्माण करणारे डीएसके-प्रसिध्द बांधकामव्यवसायिक व उद्योगपती दीपक सखाराम कुलकर्णी यांचे चरित्र १६ पानी रंगीत छायाचित्रे
700 ## - ADDED ENTRY--PERSONAL NAME
Personal name भुर्के श्याम
730 ## - ADDED ENTRY--UNIFORM TITLE
Uniform title शून्यातून विश्व निर्माण करणारे डीएसके-प्रसिध्द बांधकामव्यवसायिक व उद्योगपती दीपक सखाराम कुलकर्णी यांचे चरित्र १६ पानी रंगीत छायाचित्रे
942 ## - ADDED ENTRY ELEMENTS (KOHA)
Koha item type Book
Holdings
Withdrawn status Lost status Damaged status Not for loan Home library Current library Date acquired Cost, normal purchase price Total Checkouts Full call number Barcode Date last seen Cost, replacement price Price effective from Koha item type
        Pune Nagar Vachan Mandir, Pune Pune Nagar Vachan Mandir, Pune 08/20/2015 150.00   PNVM-76985 PNVM-76985 12/02/2015 150.00 12/02/2015 Book